000 00921nas a2200277 4500
001 BR8805023
003 BR-BrBNA
005 20231205091254.0
007 ta
008 230509b bl.|||p| |||| 00| 00por d
040 _aBR-BrBNA
_bpor
_cBiblioteca Nacional de Agricultura
041 _a(Pt)
072 _aN10
100 1 _aRibon, M.
100 1 _aPaniago Junior, E.
100 1 _aAraujo, J.G.F. de
100 1 _aFontes, N.T.
245 1 _aEstabelecimentos canavieiros tipicos da microrregiao do brejo paraibano na Paraiba
_bParte de tese
246 1 _aA study of typical sugar cane farms in the Brejo microregion of Paraiba state
_bPart of thesis
650 _aCANA DE ACUCAR
650 _aINSTALACAO AGRICOLA
650 _aPARAIBA
773 0 _tRevista Ceres (Brazil)
_xISSN 0034-737X
_g(Sep-Oct 1987), v. 34(195) p. 533-548
_wBR8805023
909 _a202311
_bLúcia
_c55
_dLúcia Elande
942 _2AGRIS
_n0
_cANA
999 _c124035
_d124035